| Tag |
First Indicator |
Second Indicator |
Subfields |
| LEADER |
00000cam a2200000 a 4500 |
| 001 |
in00000098756 |
| 005 |
20150924155751.0 |
| 008 |
820917s1982 enka b 10100 eng |
| 010 |
|
|
|a 82185364
|
| 020 |
|
|
|a 0121999203
|
| 035 |
|
|
|a (OCoLC)08772003
|
| 035 |
|
|
|9 AAK9879AM
|
| 039 |
0 |
|
|a 2
|b 3
|c 3
|d 3
|e 3
|
| 040 |
|
|
|a DLC
|c DLC
|d TXA
|d UtOrBLW
|
| 049 |
|
|
|a TXAM
|c [1197349]
|
| 050 |
0 |
0 |
|a QK725
|b P56 1982
|
| 082 |
0 |
|
|a 581.8/2
|2 19
|
| 245 |
0 |
4 |
|a The Plant cuticle :
|b papers presented at an international symposium organized by the Linnean Society of London, held at Burlington House, London, 8-11 September 1980 /
|c editors, D.F. Cutler, K.L. Alvin and C.E. Price.
|
| 264 |
|
1 |
|a London ;
|a New York :
|b Published for the Linnean Society of London [by] Academic Press,
|c [1982]
|
| 264 |
|
4 |
|c ©1982
|
| 300 |
|
|
|a x, 461 pages :
|b illustrations ;
|c 27 cm.
|
| 336 |
|
|
|a text
|b txt
|2 rdacontent
|
| 337 |
|
|
|a unmediated
|b n
|2 rdamedia
|
| 338 |
|
|
|a volume
|b nc
|2 rdacarrier
|
| 490 |
1 |
|
|a Linnean Society symposium series,
|x 0161-6366 ;
|v no. 10
|
| 504 |
|
|
|a Includes bibliographies and indexes.
|
| 650 |
|
0 |
|a Plant cuticle
|x Congresses.
|
| 700 |
1 |
|
|a Cutler, D. F.
|q (David Frederick),
|d 1939-
|
| 700 |
1 |
|
|a Alvin, K. L.
|q (Kenneth Leonard)
|
| 700 |
1 |
|
|a Price, C. E.
|
| 710 |
2 |
|
|a Linnean Society of London.
|
| 830 |
|
0 |
|a Linnean Society symposium series ;
|v no. 10.
|
| 999 |
|
|
|a MARS
|
| 999 |
f |
f |
|s c27e9043-ab8c-37d4-ad90-c5632835b5aa
|i 5fb05394-fc7e-3786-bd7f-6c116e71f9f9
|t 0
|
| 952 |
f |
f |
|p normal
|a Texas A&M University
|b College Station
|c Sterling C. Evans Library
|d Evans: Library Stacks
|t 0
|e QK725 P56 1982
|h Library of Congress classification
|i unmediated -- volume
|m A14806033333
|
| 998 |
f |
f |
|a QK725 P56 1982
|t 0
|l Evans: Library Stacks
|